Analýza marketingového prostredia vybraného podniku diplomová práca

Saved in:
Bibliographic Details
Main Author: Miková, Monika
Corporate Author: Fakulta podnikového manažmentu EU. Katedra podnikovohospodárska
Other Authors: Grančičová, Katarína, 1967-
Format: Book
Language:Slovak
Published: Bratislava 2014
Tags: Add Tag
No Tags, Be the first to tag this record!

MARC

LEADER 00000nbm a2200000 4500
001 0188026
005 20170201092634.1
041 0 |a slo 
044 |a SK 
245 1 0 |a Analýza marketingového prostredia vybraného podniku  |b diplomová práca  |c Monika Miková ; školiteľ: Katarína Grančičová 
264 1 |a Bratislava  |c 2014 
300 |a 83 s. 
100 1 |a Miková, Monika 
700 1 |a Grančičová, Katarína, 1967- 
710 2 |a Fakulta podnikového manažmentu EU. Katedra podnikovohospodárska